00000000nam##2200000za#4500
0019.642830
003CaOODSP
00520210624223904
007cr |||||||||||
008150407|2012||||xxc|||||o    f|0| 0 fre|d
040 |aCaOODSP|bfre
043 |an-cn---
0861 |aH14-135/2012F-PDF
1101 |aCanada. |bSanté Canada.
24510|aPlanification en santé, consultation et projets de recherche : |h[ressource électronique]|bsynthèse d'évaluation - 2005-2006 à 2009-2010 - rapport final
260 |aOttawa - Ontario : |bSanté Canada |cMars 2012.
300 |a46p.|bfigures, références, tableaux
590 |a14-04-Supp|b2014-02-05
77508|tHealth planning, consultation and research projects : |w(CaOODSP)9.698828
85640|ahttp://publications.gc.ca|qPDF|s239 Ko|uhttps://publications.gc.ca/collections/collection_2014/sc-hc/H14-135-2012-fra.pdf